| 000 | 00419 a2200157 4500 | ||
|---|---|---|---|
| 020 | _a0750630647 | ||
| 022 | _a9780750630641 | ||
| 082 | _a658.155 | ||
| 090 |
_c2756 _d2756 |
||
| 100 | _aHigson Nigel | ||
| 245 |
_aRisk Management. _bHealth and Safety in Primary Care. _cNigel Higson |
||
| 260 |
_aNew Delhi _bButterworth-Heinemann _c1996. |
||
| 300 | _a111p | ||
| 500 | _aPaper cover | ||
| 942 |
_aNBS _cBK _k658.155 HIG |
||
| 999 |
_c345247 _d345247 |
||